00318nam a2200121Ia 4500008004100000041000800041082001500049100002200064245004400086260003500130300002400165365000700189240624s9999 xx 000 0 und d aeng a154.63 SCH aSCHULLER ROBERT H aTOUGH TIMES NEVER LAST BUT TOUGH PEOPLE c1988aDelhibOrient Paperbacks a207 : p. : cm. ; 18 cRS